Capitales par réseaux de lettres - Statistiques

Statistiques générales
  • Ce quiz a été pris 47 fois
  • Le résultat moyen est 8 sur 16
Statistiques - réponses
Par images Réponse % Correct
Moscou
83%
Amman / Manama
71%
Madrid
69%
Ouagadougou
57%
Tbilissi
57%
Yamoussoukro
57%
Harare
51%
Pyongyang
51%
Ljubljana
49%
Phnom Penh
46%
Vientiane
46%
Tegucigalpa
43%
Funafuti
40%
Basseterre
37%
Achgabat
34%
Naypyidaw
31%
Aucun quiz correspondant
Distribution des résultats
% des personnes avec chaque résultat
Percentile par nombre de réponses
Votre historique - résultats
Vous n’avez pas pris ce quiz